| 000 | 00592nam a2200229Ia 4500 | ||
|---|---|---|---|
| 003 | OSt | ||
| 005 | 20220928123917.0 | ||
| 006 | a|||||r|||| 00| 0 | ||
| 007 | ta | ||
| 008 | 220927b |||||||| |||| 00| 0 eng d | ||
| 024 | _a27947 | ||
| 037 | _cTextual | ||
| 040 |
_aSDCL _cSDCL _beng |
||
| 041 |
_2eng _aeng |
||
| 082 | _aV2y7M75, N3 | ||
| 100 | _aTendulkar Vijay | ||
| 245 | 0 | _aLast days of Sardar Patel. | |
| 260 |
_aBombay _bPopular Prakashan _c1993 |
||
| 300 |
_axv,214p _ccm. |
||
| 942 |
_hV2y7M75, N3 _cTEXL _2CC |
||
| 999 |
_c775157 _d775157 |
||